| 000 | 00547nam a22001817a 4500 | ||
|---|---|---|---|
| 999 |
_c160376 _d160376 |
||
| 005 | 20190128131232.0 | ||
| 010 | _aENG-124659 | ||
| 020 |
_a9789350577974 _c195.00 |
||
| 035 | _aEN-108191 | ||
| 037 | _bDBAD/PUB | ||
| 082 | _a686.22544536 | ||
| 100 | _aBittu Kumar | ||
| 245 |
_aAdobe indesign: _cby Bittu Kumar _bdesign basics/ |
||
| 260 |
_aNew Delhi _bV & S Publishers _c2017 |
||
| 270 |
_aF-2/16, Ansari Road, Daryaganj, _bNew Delhi _e110002 |
||
| 300 |
_a91p. _c25cm.(pbk) _bill. |
||
| 942 |
_2ddc _cEN _mBIT _h686.22544536 |
||